Расходная смета Народного комиссариата путей сообщения на 1927-1928 гг.

Доступно только в Электронных читальных залах Найти на картеНа карте
RUSMARC
00004349nmc2a22003013x 450
001226dc01d-146c-429d-86ca-261afe4aaa7c
00520220705151116.0
100##$a20220622l1927 k y0rusy50 ca
1010#$arus
102##$aRU
105##$aa z |||||
1220#$ad19271231
1222#$ad1927
$ad1928
2001#$aРасходная смета Народного комиссариата путей сообщения на 1927-1928 гг.
$j[1927]
215##$a426 листов
$cтабл.
251##$cДело
300##$aЗаголовок дела на папке отсутствует
300##$aНа папке дела дата не указана
300##$aЛисты: после 426 (1) - чистые; 1-3, 178, 425, 426 - надорваны; 1-15, 420 - помяты
300##$aМашинописный и рукописный текст. Стеклограф. С правкой и пометами
330##$aВходит в раздел описи: Документы Народного комиссариата финансов. Транспортный сектор (Департамент железнодорожных дел) Наркомата финансов
461#0$100170a9e75d-b6e1-4eed-a561-fb01df49f1ed
$12001
$aКоллекция документов профессора И. Х. Озерова
$1251
$cФонд
$1852
$j1838
462#0$10010128b4bc-9fed-474c-8a7c-fdbe2c2718e2
$12001
$aДокументы советского периода. 1917-1933 гг.
$vД. 34
$1251
$cОпись
$1852
$j2
600#1$aОзеров
$bИ. Х.
$gИван Христофорович
60101$3RU\NLR\AUTH\8810086735
$aСССР
$bНародный комиссариат путей сообщения
801#0$aRU
$bGA_RF
801#1$aRU
$bГлавНИВЦ
$c20220622
$2rusmarc
801#2$aRU
$bПБ им. Б.Н. Ельцина
$c20220705
$gRCR
$2rusmarc
852##$aГА РФ
$j34
937##$d177092137
$hГАРФ
035##$aRuPRLIB51067868
856##$uhttp://readingroom.main.prlib.ru/item.aspx?id_node=n177092137&mode=full
Формат отображения